Μελέτη ενεργειακού, οικονομικού και περιβαλλοντικού αποτυπώματος από τη μεταφορά των δραστηριοτήτων από τα παλαιά, στα νέα κτήρια του Πανεπιστημίου Αιγαίου, στο Λόφο Πανεπιστημίου, στη Μυτιλήνη : πτυχιακή εργασία
Αποθηκεύτηκε σε:
| Κύριος συγγραφέας: | |
|---|---|
| Συγγραφή απο Οργανισμό/Αρχή: | |
| Άλλοι συγγραφείς: | , |
| Μορφή: | Thesis Βιβλίο |
| Γλώσσα: | Greek |
| Δημοσίευση: |
2011
|
| Θέματα: | |
| Ετικέτες: |
Προσθήκη ετικέτας
Δεν υπάρχουν, Καταχωρήστε ετικέτα πρώτοι!
|
MARC
| LEADER | 00000cam a2200000 i 4500 | ||
|---|---|---|---|
| 001 | 1/15947 | ||
| 008 | 111024s2011 gre d | ||
| 035 | |l 10111178 | ||
| 040 | |a GR-MY-UA |b gre |e aacr | ||
| 041 | 0 | |a gre | |
| 082 | 0 | |a 697 |2 (22) | |
| 100 | 1 | |a Παυλίδης, Γεώργιος. | |
| 245 | 1 | 0 | |a Μελέτη ενεργειακού, οικονομικού και περιβαλλοντικού αποτυπώματος από τη μεταφορά των δραστηριοτήτων από τα παλαιά, στα νέα κτήρια του Πανεπιστημίου Αιγαίου, στο Λόφο Πανεπιστημίου, στη Μυτιλήνη : |b πτυχιακή εργασία / |c επιμέλεια: Παυλίδης Γεώργιος ; επιβλέποντες: Χαραλαμπόπουλος Δίας, Πολατίδης Ηρακλής |
| 260 | |c 2011 | ||
| 300 | |a 108 σ.; |b πιν.; |c 30 εκ. | ||
| 502 | |a Πτυχιακή εργασία – Πανεπιστήμιο Αιγαίου, Λέσβος, 2011. | ||
| 504 | |a Βιβλιογραφία: σ. 101-105 | ||
| 650 | 0 | |a Architecture and energy conservation |z Greece |z Mytilene (Lesbos) | |
| 650 | 0 | |a Buildings |x Energy consumption |z Greece |z Mytilene (Lesbos) | |
| 650 | 0 | 0 | |a Buildings |x Cost of operation. |
| 650 | 0 | 0 | |a Buildings |x Environmental engineering. |
| 650 | 0 | 0 | |a Buildings |x Power supply. |
| 650 | 0 | 0 | |a Dissertations, Academic |z Greece. |
| 700 | 1 | |a Χαραλαμπόπουλος, Δίας. |4 ths | |
| 700 | 1 | |a Πολατίδης, Ηρακλής. |4 ths | |
| 710 | 2 | |a Πανεπιστήμιο Αιγαίου. |b Σχολή Περιβάλλοντος. |b Τμήμα Περιβάλλοντος. | |
| 852 | |a INST |b LESVOS |c DIATR |e 20111024 |h 1365 |p 005100051248 |q 005100051248 |t DIE |y 23 | ||
| 852 | |a INST |b LESVOS |c DIATR |e 20111024 |h 1366 |p 005100051247 |q 005100051247 |t DIE |y 23 | ||
| 901 | |a BIBL1-2011-3 | ||
| 909 | |a Λ |b 172882 | ||
| 909 | |a Λ |b 172883 | ||
| 924 | |a ΠΑΥΛΙΔΗΣ |b ΓΕΩΡΓΙΟΣ |y ΛΕΣΒΟΣ |z 2011-09 | ||
| 970 | |a ΤΖΑΦΕΡΗ |b ΕΥΑΓΓΕΛΙΑ |z 2011/10/24 | ||